Narrative comprehension and film

Αποθηκεύτηκε σε:
Λεπτομέρειες βιβλιογραφικής εγγραφής
Κύριος συγγραφέας: Branigan, Edward 1945-
Μορφή: Βιβλίο
Γλώσσα:English
Δημοσίευση: London ; New York : Routledge, 1992
Σειρά:Sightlines (London, England)
Θέματα:
Ετικέτες: Προσθήκη ετικέτας
Δεν υπάρχουν, Καταχωρήστε ετικέτα πρώτοι!

MARC

LEADER 00000nam a2200000 i 4500
001 1/77764
008 050601s1992 eng d
020 |a 0-415-07512-2 
035 |l 10078328 
040 |a GR-MY-UA  |b gre  |e aacr 
041 0 |a eng 
082 0 |a 791.4375  |2 (21) 
100 1 |a Branigan, Edward  |d 1945- 
245 1 0 |a Narrative comprehension and film /  |c Edward Branigan 
260 |a London ; New York :   |b Routledge,   |c 1992 
300 |a xv, 325 σ.;  |b εικ.;  |c 25 εκ. 
490 1 |a Sightlines 
504 |a Περιέχει βιβλιογραφία και ευρετήριο 
650 0 0 |a Motion pictures and literature. 
650 0 0 |a Narration (Rhetoric) 
650 0 0 |a Motion pictures  |x History and criticism. 
830 0 |a Sightlines (London, England) 
852 |a INST  |b LESVOS  |e 20050601  |h 791.4375 BRA  |p 005100032112  |q 005100032112  |t BK  |y 0 
901 |a BIBL1-2005-2 
909 |a Λ  |b 113530 
920 |a ΔΙΕΥΡΥΝΣΗ  |b ΕΠΕΑΕΚ-ΠΤΕ  |y ΛΕΣΒΟΣ  |z 2004-09 
970 |a ΚΑΡΑ  |b ΓΙΑΣΕΜΗ  |z 2005/06/01